[Event "Florianopolis op 10th"]
[Site "Florianopolis"]
[Date "2024.01.26"]
[Round "8"]
[White "Takano, Nicholas Ryo"]
[Black "Da Silva, Lucas Pereira Mende"]
[Result "0-1"]
[WhiteElo "2172"]
[BlackElo "1974"]
[PlyCount "88"]
[EventDate "2024.01.20"]
[EventType "swiss"]
[EventRounds "10"]
[EventCountry "BRA"]
[SourceTitle "CB05_2024"]
[SourceDate "2024.01.31"]
[SourceVersion "1"]
[SourceVersionDate "2024.01.31"]
[SourceQuality "1"]

1. e4 c5 2. Nf3 d6 3. d4 cxd4 4. Nxd4 Nf6 5. Nc3 a6 6. Be3 e5 7. Nb3 Be6 8. f3 h5 9. Qd2 Nbd7 10. Be2 Be7 11. 0-0 Rc8 12. Rac1 Nb6 13. Rfd1 d5 14. exd5 Nbxd5 15. Qe1 Qc7 16. Nxd5 Nxd5 17. Bd2 0-0 18. Bd3 Nf4 19. Bxf4 exf4 20. Kh1 Bf6 21. c3 Rfe8 22. Qf2 g6 23. Bb1 Rcd8 24. Nd2 Be7 25. Qe2 Bh4 26. Ne4 Kg7 27. Rxd8 Rxd8 28. b3 Qe5 29. c4 f5 30. Nc3 Qe3 31. Qxe3 fxe3 32. g3 Bf6 33. Ne2 Rd2 34. Re1 g5 35. f4 g4 36. Kg1 Bb2 37. Kf1 Kf6 38. Nc1 Bxc1 39. Rxc1 Rxh2 40. Re1 Rf2+ 41. Kg1 Rf3 42. Kg2 Bd7 43. Bd3 Bc6 44. Re2 h4 0-1

[Event "Titled Tuesday intern op 26th Sep Late"]
[Site "Chess.com INT"]
[Date "2023.09.26"]
[Round "2"]
[White "Duda, Jan Krzysztof"]
[Black "Takano, Nicholas Ryo"]
[Result "1-0"]
[WhiteElo "2726"]
[BlackElo "2172"]
[PlyCount "53"]
[EventDate "2023.09.26"]
[EventType "swiss (blitz)"]
[EventRounds "11"]
[EventCountry "USA"]
[SourceTitle "EXT 2024"]
[Source "ChessBase"]
[SourceDate "2023.10.10"]
[SourceVersion "1"]
[SourceVersionDate "2023.10.10"]
[SourceQuality "1"]

1. g3 Nf6 2. Bg2 g6 3. f4 Bg7 4. e4 d6 5. d4 0-0 6. Ne2 Nbd7 7. c4 e5 8. fxe5 dxe5 9. d5 Nc5 10. Nbc3 Ne8 11. b4 Nd7 12. Rb1 a5 13. a3 axb4 14. axb4 b6 15. Be3 f5 16. 0-0 Nd6 17. c5 bxc5 18. bxc5 Nxe4 19. Nxe4 fxe4 20. Rxf8+ Bxf8 21. d6 Nf6 22. Bg5 Be6 23. Nc3 cxd6 24. Nxe4 Be7 25. Nxf6+ Bxf6 26. Bxf6 Qxf6 27. Bxa8 1-0

[Event "Titled Tuesday intern op 26th Sep Late"]
[Site "Chess.com INT"]
[Date "2023.09.26"]
[Round "5"]
[White "Galego, Luis"]
[Black "Takano, Nicholas Ryo"]
[Result "1-0"]
[WhiteElo "2468"]
[BlackElo "2172"]
[PlyCount "53"]
[EventDate "2023.09.26"]
[EventType "swiss (blitz)"]
[EventRounds "11"]
[EventCountry "USA"]
[SourceTitle "EXT 2024"]
[Source "ChessBase"]
[SourceDate "2023.10.10"]
[SourceVersion "1"]
[SourceVersionDate "2023.10.10"]
[SourceQuality "1"]

1. d4 Nf6 2. c4 g6 3. Nf3 Bg7 4. g3 d6 5. Bg2 0-0 6. 0-0 Nbd7 7. Nc3 e5 8. e3 c6 9. b3 Re8 10. Ba3 exd4 11. Nxd4 Nc5 12. Rc1 Qc7 13. b4 Ne6 14. Nd5 Qd8 15. Nxe6 Bxe6 16. Nxf6+ Bxf6 17. b5 cxb5 18. cxb5 Bxa2 19. Bxb7 Be6 20. Qxd6 Qb8 21. Qc6 Bh3 22. Rfd1 Re6 23. Bd6 Rxd6 24. Rxd6 Be7 25. Rdd1 Qe5 26. Bxa8 h5 27. Qe4 1-0

[Event "Titled Tuesday intern op 26th Sep Late"]
[Site "Chess.com INT"]
[Date "2023.09.26"]
[Round "7"]
[White "Novikova, Margarita"]
[Black "Takano, Nicholas Ryo"]
[Result "0-1"]
[WhiteElo "1995"]
[BlackElo "2172"]
[PlyCount "188"]
[EventDate "2023.09.26"]
[EventType "swiss (blitz)"]
[EventRounds "11"]
[EventCountry "USA"]
[SourceTitle "EXT 2024"]
[Source "ChessBase"]
[SourceDate "2023.10.10"]
[SourceVersion "1"]
[SourceVersionDate "2023.10.10"]
[SourceQuality "1"]

1. d4 Nf6 2. Bf4 g6 3. c3 Bg7 4. Nf3 0-0 5. Nbd2 d6 6. e4 Nbd7 7. Bd3 Re8 8. 0-0 e5 9. Bg5 h6 10. Bh4 c6 11. Qc2 g5 12. Bg3 Nh5 13. Nc4 Nf4 14. Rfd1 Qc7 15. dxe5 dxe5 16. Bf1 b5 17. Nd6 Rd8 18. Nf5 g4 19. N3h4 Nf6 20. Rd2 Be6 21. Rad1 h5 22. Ne3 Bh6 23. Nhf5 Bg5 24. Rd6 Rxd6 25. Rxd6 Rd8 26. Rxc6 Qb7 27. Rc5 Nxe4 28. Rxb5 Qc6 29. Ne7+ Bxe7 30. Rxe5 Nxg3 31. hxg3 Ng6 32. Rxh5 Bf6 33. Bd3 Ne5 34. Bf5 Bg7 35. Rg5 Kf8 36. Be4 Qd6 37. Bf5 Qd2 38. Qxd2 Rxd2 39. Bxe6 fxe6 40. b3 Rxa2 41. c4 Rb2 42. Nxg4 Nxg4 43. Rxg4 Rxb3 44. Re4 Rb6 45. c5 Rc6 46. Ra4 Rc7 47. Ra6 Ke7 48. Kf1 Bd4 49. c6 Bb6 50. g4 Rxc6 51. g5 Rc1+ 52. Ke2 Rc2+ 53. Kd3 Rxf2 54. g4 Rg2 55. Ra4 Rg3+ 56. Ke2 Kd6 57. g6 Ke7 58. Rf4 e5 59. g7 exf4 60. g8Q Re3+ 61. Kd2 f3 62. Qh7+ Kd6 63. Qh6+ Ke7 64. Qh7+ Kf6 65. Qf5+ Kg7 66. g5 f2 67. Qf6+ Kg8 68. Qg6+ Kf8 69. Qf5+ Ke8 70. g6 Re7 71. Qf6 Rd7+ 72. Kc2 Re7 73. g7 Rc7+ 74. Kb3 Rxg7 75. Qxg7 f1Q 76. Qg8+ Kd7 77. Qh7+ Kd6 78. Qg6+ Ke5 79. Qh5+ Qf5 80. Qe2+ Qe4 81. Qb5+ Qd5+ 82. Ka4 Qxb5+ 83. Kxb5 Kd6 84. Ka4 Kc7 85. Kb3 Kb7 86. Ka2 a5 87. Ka1 Ka6 88. Ka2 Kb5 89. Ka1 Kb4 90. Ka2 a4 91. Ka1 a3 92. Ka2 Ka4 93. Ka1 Kb3 94. Kb1 Bd4 0-1

[Event "Titled Tuesday intern op 26th Sep Late"]
[Site "Chess.com INT"]
[Date "2023.09.26"]
[Round "8"]
[White "Takano, Nicholas Ryo"]
[Black "Sivanandan, Bodhana"]
[Result "0-1"]
[WhiteElo "2172"]
[BlackElo "1840"]
[PlyCount "64"]
[EventDate "2023.09.26"]
[EventType "swiss (blitz)"]
[EventRounds "11"]
[EventCountry "USA"]
[SourceTitle "EXT 2024"]
[Source "ChessBase"]
[SourceDate "2023.10.10"]
[SourceVersion "1"]
[SourceVersionDate "2023.10.10"]
[SourceQuality "1"]

1. e4 e6 2. d4 d5 3. Nd2 Nf6 4. e5 Nfd7 5. c3 c5 6. Bd3 Nc6 7. Ne2 cxd4 8. cxd4 f6 9. exf6 Nxf6 10. 0-0 Bd6 11. Nf3 0-0 12. Bf4 Ne4 13. Bxd6 Qxd6 14. Ng3 Nxg3 15. hxg3 e5 16. dxe5 Nxe5 17. Nxe5 Qxe5 18. Qb3 b6 19. Rae1 Qd6 20. Rd1 Be6 21. Rfe1 Rad8 22. Be2 Rfe8 23. Bf3 d4 24. Qa4 a5 25. Rd2 Bd7 26. Rxe8+ Rxe8 27. Qxd4 Re1+ 28. Kh2 Qh6+ 29. Qh4 Qxd2 30. Qd8+ Re8 31. Qxb6 Qh6+ 32. Kg1 Qxb6 0-1

[Event "Titled Tuesday intern op 19th Sep Early"]
[Site "Chess.com INT"]
[Date "2023.09.19"]
[Round "1"]
[White "Dobrikov, Marco"]
[Black "Takano, Nicholas Ryo"]
[Result "1-0"]
[WhiteElo "2252"]
[BlackElo "2172"]
[PlyCount "75"]
[EventDate "2023.09.19"]
[EventType "swiss (blitz)"]
[EventRounds "11"]
[EventCountry "USA"]
[SourceTitle "EXT 2024"]
[Source "ChessBase"]
[SourceDate "2023.10.10"]
[SourceVersion "1"]
[SourceVersionDate "2023.10.10"]
[SourceQuality "1"]

1. Nf3 Nf6 2. d4 g6 3. c4 Bg7 4. Nc3 0-0 5. e4 d6 6. Be2 Nbd7 7. 0-0 e5 8. d5 Nc5 9. Qc2 a5 10. b3 Nfd7 11. a3 f5 12. b4 axb4 13. Bg5 Nf6 14. axb4 Rxa1 15. Rxa1 Ncxe4 16. Nxe4 fxe4 17. Nd2 Bf5 18. g4 Bd7 19. Nxe4 Qc8 20. Bxf6 Bxf6 21. h3 Bg7 22. Qd2 Rf4 23. f3 Bh6 24. Qc3 Bg7 25. Kg2 h5 26. Qd3 hxg4 27. hxg4 Qd8 28. c5 Bf8 29. Rh1 Kg7 30. Qc4 Qa8 31. cxd6 Bxd6 32. Qc2 Bxb4 33. Qxc7 Qe8 34. Qxb7 Be7 35. Ra1 Rf7 36. Ra7 Bd8 37. Nd6 Qh8 38. Nxf7 1-0

[Event "Titled Tuesday intern op 19th Sep Early"]
[Site "Chess.com INT"]
[Date "2023.09.19"]
[Round "2"]
[White "Takano, Nicholas Ryo"]
[Black "Niknaddaf, Ali"]
[Result "1-0"]
[WhiteElo "2172"]
[BlackElo "2251"]
[PlyCount "61"]
[EventDate "2023.09.19"]
[EventType "swiss (blitz)"]
[EventRounds "11"]
[EventCountry "USA"]
[SourceTitle "EXT 2024"]
[Source "ChessBase"]
[SourceDate "2023.10.10"]
[SourceVersion "1"]
[SourceVersionDate "2023.10.10"]
[SourceQuality "1"]

1. e4 c5 2. Nf3 e6 3. d4 cxd4 4. Nxd4 a6 5. Nc3 d6 6. Be3 Nf6 7. f3 b5 8. Qd2 Bb7 9. g4 h6 10. 0-0-0 Nbd7 11. h4 Nb6 12. Be2 b4 13. Nb1 d5 14. g5 Nh5 15. g6 Ng3 16. gxf7+ Kxf7 17. Rhg1 Nxe2+ 18. Qxe2 Nc4 19. Nb3 Qxh4 20. Rg4 Qh5 21. Rdg1 Kg8 22. Bc5 Ne5 23. R4g3 g5 24. exd5 Bg7 25. Bd4 exd5 26. Nc5 Qf7 27. Bxe5 Re8 28. f4 Bc8 29. Nd3 Rh7 30. fxg5 Kh8 31. g6 1-0

[Event "Titled Tuesday intern op 19th Sep Early"]
[Site "Chess.com INT"]
[Date "2023.09.19"]
[Round "3"]
[White "Takano, Nicholas Ryo"]
[Black "Slate, Kent"]
[Result "1-0"]
[WhiteElo "2172"]
[BlackElo "1964"]
[PlyCount "102"]
[EventDate "2023.09.19"]
[EventType "swiss (blitz)"]
[EventRounds "11"]
[EventCountry "USA"]
[SourceTitle "EXT 2024"]
[Source "ChessBase"]
[SourceDate "2023.10.10"]
[SourceVersion "1"]
[SourceVersionDate "2023.10.10"]
[SourceQuality "1"]

1. e4 c5 2. Nf3 Nc6 3. d4 cxd4 4. Nxd4 Nf6 5. Nc3 e5 6. Ndb5 d6 7. Bg5 a6 8. Na3 b5 9. Nd5 Be7 10. Bxf6 Bxf6 11. c4 b4 12. Nc2 0-0 13. g3 g6 14. Bg2 a5 15. 0-0 Be6 16. Qd3 Bg7 17. b3 Qb8 18. Rad1 Rd8 19. f4 Bxd5 20. Qxd5 Qb6+ 21. Kh1 Nd4 22. Nxd4 exd4 23. e5 dxe5 24. Qxa8 Rxa8 25. Bxa8 a4 26. fxe5 Bxe5 27. Bd5 Bf6 28. Rd3 axb3 29. axb3 Bg5 30. Rxf7 Kh8 31. Rdf3 Qd6 32. Rb7 Bf6 33. Rf7 Bg7 34. R7f4 g5 35. Re4 h5 36. Re8+ Kh7 37. Bg8+ Kh8 38. Be6+ Kh7 39. Bf5+ Kh6 40. Re6+ Qxe6 41. Bxe6 g4 42. Rd3 Kg5 43. Kg2 Kf6 44. Bd5 Ke5 45. Kf2 Bh6 46. Ke2 Bg5 47. Bf7 Be3 48. Bxh5 Bg1 49. Bxg4 Bxh2 50. Bc8 Bxg3 51. Rxg3 Kd6 1-0

[Event "Titled Tuesday intern op 19th Sep Early"]
[Site "Chess.com INT"]
[Date "2023.09.19"]
[Round "7"]
[White "Takano, Nicholas Ryo"]
[Black "Toncheva, Nadya"]
[Result "0-1"]
[WhiteElo "2172"]
[BlackElo "2253"]
[PlyCount "118"]
[EventDate "2023.09.19"]
[EventType "swiss (blitz)"]
[EventRounds "11"]
[EventCountry "USA"]
[SourceTitle "EXT 2024"]
[Source "ChessBase"]
[SourceDate "2023.10.10"]
[SourceVersion "1"]
[SourceVersionDate "2023.10.10"]
[SourceQuality "1"]

1. e4 c5 2. Nf3 Nc6 3. d4 cxd4 4. Nxd4 g6 5. Nc3 Bg7 6. Be3 Nf6 7. Bc4 0-0 8. Bb3 d6 9. f3 Bd7 10. Qd2 Rc8 11. g4 Ne5 12. h4 h5 13. 0-0-0 Nc4 14. Bxc4 Rxc4 15. Nb3 b5 16. Bh6 Qc7 17. gxh5 Nxh5 18. Nd5 Qd8 19. Rhg1 Be6 20. Bxg7 Kxg7 21. Ne3 Rc7 22. Nf5+ Bxf5 23. exf5 Qd7 24. Qg5 Rh8 25. Nd4 Rc5 26. Qg4 Nf6 27. Ne6+ Qxe6 28. fxe6 Nxg4 29. Rxg4 fxe6 30. Rdg1 Rh6 31. Kd2 Rf5 32. f4 Kf6 33. Kc3 e5 34. fxe5+ Rxe5 35. Kb4 Rc5 36. c3 Rch5 37. Rf4+ Ke6 38. Re1+ Kd7 39. Rf7 Rxh4+ 40. Kxb5 R6h5+ 41. Ka6 Ra4+ 42. Kb7 Rb5+ 43. Ka8 Re5 44. Rg1 g5 45. Rh1 Rxa2 46. Rh2 g4 47. Rg2 g3 48. Rxg3 Rxb2 49. c4 Rc2 50. c5 Rcxc5 51. Rb3 Rc8+ 52. Kxa7 Rc7+ 53. Ka6 Re1 54. Kb5 Rb7+ 55. Kc4 Rc1+ 56. Kd3 Rxb3+ 57. Kd2 Ra1 58. Rh7 Ra2+ 59. Kc1 Rg3 0-1

[Event "Florianopolis op 8th"]
[Site "Florianopolis"]
[Date "2022.01.29"]
[Round "9"]
[White "Takano, Nicholas Ryo"]
[Black "Correa, Joao Pedro Vieira"]
[Result "1-0"]
[WhiteElo "2111"]
[BlackElo "1864"]
[PlyCount "65"]
[EventDate "2022.01.24"]
[EventType "swiss"]
[EventRounds "10"]
[EventCountry "BRA"]
[SourceTitle "EXT 2023"]
[Source "ChessBase"]
[SourceDate "2022.10.05"]
[SourceVersion "1"]
[SourceVersionDate "2022.10.05"]
[SourceQuality "1"]

1. e4 c5 2. Nf3 d6 3. d4 cxd4 4. Nxd4 Nf6 5. Nc3 a6 6. Be3 e5 7. Nb3 Be6 8. f3 Be7 9. Qd2 h5 10. Be2 Nbd7 11. Nd5 Bxd5 12. exd5 Qc7 13. c4 a5 14. 0-0 a4 15. Nc1 Bd8 16. Bd3 Qa5 17. Ne2 Qxd2 18. Bxd2 Bb6+ 19. Kh1 Nc5 20. Bc2 Ke7 21. Ng3 g6 22. Bg5 Ncd7 23. Ne4 Bd8 24. f4 Kf8 25. Nxf6 Nxf6 26. fxe5 Ng4 27. Bxd8 Rxd8 28. e6 f5 29. Bxa4 Ke7 30. Bb5 h4 31. h3 Ne3 32. Rf3 Nc2 33. Rd1 1-0

[Event "Florianopolis op 8th"]
[Site "Florianopolis"]
[Date "2022.01.28"]
[Round "7"]
[White "Takano, Nicholas Ryo"]
[Black "Oliveira, Silvio Eduardo"]
[Result "1-0"]
[WhiteElo "2111"]
[BlackElo "2322"]
[PlyCount "58"]
[EventDate "2022.01.24"]
[EventType "swiss"]
[EventRounds "10"]
[EventCountry "BRA"]
[SourceTitle "EXT 2023"]
[Source "ChessBase"]
[SourceDate "2022.10.05"]
[SourceVersion "1"]
[SourceVersionDate "2022.10.05"]
[SourceQuality "1"]

1. e4 c5 2. Nf3 d6 3. d4 cxd4 4. Nxd4 Nf6 5. Nc3 Nc6 6. f3 e5 7. Nb3 Be6 8. Be3 Be7 9. Qd2 0-0 10. 0-0-0 a5 11. Kb1 a4 12. Nc1 a3 13. b3 Nb4 14. Nd3 d5 15. Nxe5 dxe4 16. fxe4 Qc7 17. Bf4 Nh5 18. Ng6 Nxf4 19. Nb5 Qc5 20. Nxe7+ Qxe7 21. Qxf4 Qc5 22. c3 Nc6 23. Rd2 Ra5 24. c4 g5 25. Qg3 Rc8 26. Nd6 Nd4 27. Bd3 Rb8 28. Nf5 Nxf5 29. Qxb8+ Kg7 1-0

[Event "BRA-ch U18"]
[Site "Florianopolis"]
[Date "2021.07.03"]
[Round "5"]
[White "Takano, Nicholas Ryo"]
[Black "Tomiello, Mateus Costamilan"]
[Result "1/2-1/2"]
[WhiteElo "2149"]
[BlackElo "2076"]
[PlyCount "73"]
[EventDate "2021.07.01"]
[EventType "swiss"]
[EventRounds "6"]
[EventCountry "BRA"]
[SourceTitle "CBM 203 Extra"]
[Source "ChessBase"]
[SourceDate "2021.09.30"]
[SourceVersion "1"]
[SourceVersionDate "2021.09.30"]
[SourceQuality "1"]

1. e4 e5 2. Nf3 Nc6 3. Bc4 Bc5 4. 0-0 Nf6 5. d3 d6 6. c3 a6 7. Bb3 h6 8. Nbd2 0-0 9. Re1 Be6 10. Nf1 Ba7 11. Ng3 Qd7 12. h3 Rfe8 13. Bxe6 Rxe6 14. Nh4 Kh7 15. Nhf5 Ng8 16. Be3 Bxe3 17. Nxe3 Nce7 18. d4 Ng6 19. Qb3 Ree8 20. Rad1 Nf6 21. f3 Rab8 22. Rd2 Nf4 23. Red1 h5 24. Ne2 Nxe2+ 25. Rxe2 g6 26. Red2 Qe6 27. Qxe6 Rxe6 28. Kf2 Rbe8 29. d5 R6e7 30. g4 hxg4 31. hxg4 Kg7 32. Rh1 Rh8 33. Rxh8 Kxh8 34. Nc4 b6 35. Ke3 Kg7 36. Na3 Re8 37. Rh2 1/2-1/2

[Event "BRA-ch U18"]
[Site "Florianopolis"]
[Date "2021.07.02"]
[Round "3"]
[White "Takano, Nicholas Ryo"]
[Black "Freitas, Ronan Cunha"]
[Result "1/2-1/2"]
[WhiteElo "2149"]
[BlackElo "1871"]
[PlyCount "46"]
[EventDate "2021.07.01"]
[EventType "swiss"]
[EventRounds "6"]
[EventCountry "BRA"]
[SourceTitle "CBM 203 Extra"]
[Source "ChessBase"]
[SourceDate "2021.09.30"]
[SourceVersion "1"]
[SourceVersionDate "2021.09.30"]
[SourceQuality "1"]

1. e4 c5 2. Nf3 Nc6 3. d4 cxd4 4. Nxd4 Nf6 5. Nc3 e5 6. Ndb5 d6 7. Bg5 a6 8. Na3 b5 9. Nd5 Be7 10. Bxf6 Bxf6 11. c4 b4 12. Nc2 a5 13. g3 0-0 14. Bg2 Be6 15. 0-0 g6 16. Nxf6+ Qxf6 17. Qxd6 Rac8 18. Ne3 Rfd8 19. Nd5 Qxf2+ 20. Rxf2 Rxd6 21. Rc1 Kg7 22. b3 Nd4 23. Ne3 a4 1/2-1/2

[Event "Timbo op"]
[Site "Timbo"]
[Date "2021.02.20"]
[Round "3"]
[White "Takano, Nicholas Ryo"]
[Black "Pertuzatti, Daniel"]
[Result "1-0"]
[WhiteElo "2134"]
[BlackElo "2016"]
[PlyCount "85"]
[EventDate "2021.02.19"]
[EventType "swiss"]
[EventRounds "6"]
[EventCountry "BRA"]
[SourceTitle "EXT 2022"]
[Source "ChessBase"]
[SourceDate "2021.10.06"]
[SourceVersion "1"]
[SourceVersionDate "2021.10.06"]
[SourceQuality "1"]

1. e4 e5 2. Nf3 Nc6 3. Bc4 Nf6 4. d3 Be7 5. 0-0 d6 6. c3 Bg4 7. Nbd2 Na5 8. Bb5+ c6 9. Ba4 b5 10. Bc2 0-0 11. Re1 Nd7 12. h3 Bh5 13. Nf1 c5 14. Ng3 Bg6 15. Nh2 Bg5 16. Ng4 Nc6 17. Ne3 Nb6 18. Qf3 Qd7 19. Ngf5 Bxf5 20. Nxf5 Bxc1 21. Raxc1 g6 22. Ne3 Kg7 23. g4 Qe7 24. Qg3 Rh8 25. Rf1 Qe6 26. f4 h5 27. f5 Qxa2 28. gxh5 Rxh5 29. fxg6 fxg6 30. Nf5+ Kh7 31. Nxd6 Qe6 32. Nf7 Kg8 33. Ng5 Qe7 34. h4 Nd7 35. Bd1 Nf6 36. Bxh5 Nxh5 37. Qg4 Nf4 38. Nh3 Nxd3 39. Rcd1 c4 40. h5 Qc5+ 41. Kh2 Ne7 42. Qe6+ Kg7 43. Rf7+ 1-0

[Event "Florianopolis op 7th"]
[Site "Florianopolis"]
[Date "2021.01.23"]
[Round "9"]
[White "Takano, Nicholas Ryo"]
[Black "Von Buelow, Georg"]
[Result "1/2-1/2"]
[WhiteElo "2059"]
[BlackElo "2359"]
[PlyCount "55"]
[EventDate "2021.01.18"]
[EventType "swiss"]
[EventRounds "10"]
[EventCountry "BRA"]
[SourceTitle "CBM 200 Extra"]
[Source "ChessBase"]
[SourceDate "2021.03.31"]
[SourceVersion "1"]
[SourceVersionDate "2021.03.31"]
[SourceQuality "1"]

1. e4 Nf6 2. e5 Nd5 3. c4 Nb6 4. d4 d6 5. Nf3 Bg4 6. exd6 exd6 7. b3 Be7 8. Be2 0-0 9. 0-0 Re8 10. Bb2 Bf6 11. Nbd2 Nc6 12. Re1 a5 13. Nf1 a4 14. Qd2 h6 15. h3 Bh5 16. Ng3 Bg6 17. d5 Bxb2 18. Qxb2 Nb4 19. Bf1 Rxe1 20. Rxe1 axb3 21. axb3 Qf6 22. Qxf6 gxf6 23. Re7 Rc8 24. Nd4 Kf8 25. Re3 Nc2 26. Nxc2 Bxc2 27. Rc3 Bb1 28. Rc1 1/2-1/2

[Event "Florianopolis op 7th"]
[Site "Florianopolis"]
[Date "2021.01.21"]
[Round "5"]
[White "Takano, Nicholas Ryo"]
[Black "Piccoli, Lucas Fonseca"]
[Result "1-0"]
[WhiteElo "2059"]
[BlackElo "2139"]
[PlyCount "151"]
[EventDate "2021.01.18"]
[EventType "swiss"]
[EventRounds "10"]
[EventCountry "BRA"]
[SourceTitle "CBM 200 Extra"]
[Source "ChessBase"]
[SourceDate "2021.03.31"]
[SourceVersion "1"]
[SourceVersionDate "2021.03.31"]
[SourceQuality "1"]

1. e4 c5 2. Nf3 Nc6 3. d4 cxd4 4. Nxd4 Nf6 5. Nc3 e5 6. Ndb5 d6 7. Bg5 a6 8. Na3 b5 9. Nd5 Be7 10. Bxf6 Bxf6 11. c4 b4 12. Nc2 a5 13. Be2 0-0 14. 0-0 Bg5 15. Qd3 Be6 16. Rad1 g6 17. Bf3 Qb8 18. b3 Qa7 19. Nde3 Rad8 20. Bg4 Qc5 21. g3 h5 22. Bf3 h4 23. Bg4 Nd4 24. Bxe6 Nf3+ 25. Kg2 fxe6 26. Ne1 Nd4 27. N3c2 Nc6 28. Qe2 hxg3 29. hxg3 Rf6 30. Nd3 Qa7 31. Rh1 Rdf8 32. Rdf1 Rf3 33. Nce1 Nd4 34. Qd1 R3f7 35. Nc2 Qb7 36. Re1 Nf3 37. Re2 Nd2 38. Rxd2 Qxe4+ 39. Kg1 Bxd2 40. Qxd2 Rf3 41. Nce1 R3f7 42. Rh4 Qf5 43. Qh6 Rg7 44. Qe3 g5 45. Rh2 e4 46. Nc1 d5 47. cxd5 Qxd5 48. Ne2 Rd8 49. Kf1 a4 50. Rh6 axb3 51. axb3 Qe5 52. Qb6 Qd6 53. Rxe6 Qd5 54. Rxe4 Qb7 55. Qxb7 Rxb7 56. Re3 Rd1 57. Re4 Ra7 58. Nd4 Raa1 59. Ndf3 Rdc1 60. Re3 Rc3 61. Rxc3 bxc3 62. Nd4 Rd1 63. Ndc2 Rd2 64. g4 Kf7 65. Kg2 Ke7 66. Ne3 Kd7 67. N1c2 Kc6 68. Kg3 Rd3 69. f4 gxf4+ 70. Kxf4 Rd8 71. g5 Kc5 72. b4+ Kb5 73. g6 Rf8+ 74. Kg5 Ka4 75. Kh6 Kb3 76. g7 1-0

[Event "Florianopolis op 6th"]
[Site "Florianopolis"]
[Date "2020.01.25"]
[Round "9"]
[White "De Lima, Alexsandro Barros"]
[Black "Takano, Nicholas Ryo"]
[Result "0-1"]
[WhiteElo "2205"]
[BlackElo "2041"]
[PlyCount "110"]
[EventDate "2020.01.20"]
[EventType "swiss"]
[EventRounds "10"]
[EventCountry "BRA"]
[SourceTitle "CBM 194 Extra"]
[Source "ChessBase"]
[SourceDate "2020.03.31"]
[SourceVersion "1"]
[SourceVersionDate "2020.03.31"]
[SourceQuality "1"]

1. c4 Nf6 2. Nc3 g6 3. e4 d6 4. d4 Bg7 5. Be2 0-0 6. Be3 Nbd7 7. Nf3 e5 8. 0-0 c6 9. Qc2 Qe7 10. d5 c5 11. Ne1 Ne8 12. Nd3 f5 13. f3 f4 14. Bd2 Ndf6 15. Rfb1 g5 16. b4 b6 17. a4 a5 18. bxc5 bxc5 19. Nb5 h5 20. Be1 Qf7 21. Bf2 g4 22. Nxd6 Nxd6 23. Bxc5 Nfe8 24. Rb6 Ra6 25. Rab1 Qc7 26. R6b3 Bd7 27. Rc3 gxf3 28. gxf3 Bh3 29. Bf1 Bxf1 30. Kxf1 Qc8 31. Bg1 Nf7 32. c5 Rg6 33. Nf2 Ng5 34. Ke2 Nc7 35. Rb6 Nge6 36. Kf1 Nd4 37. Qa2 Rxb6 38. cxb6 Qa6+ 39. Nd3 Na8 40. b7 Qxb7 41. Bxd4 exd4 42. Rc6 Rb8 43. Qc4 Nb6 44. Qb5 Nd7 45. Qxa5 Qb1+ 46. Ne1 Ne5 47. Rc7 Nxf3 48. d6 Nxh2+ 49. Kg1 Nf3+ 50. Kf1 Qxe1+ 51. Qxe1 Nxe1 52. d7 Rd8 53. Rc8 Bf6 54. e5 Be7 55. e6 Nd3 0-1

[Event "Florianopolis op 6th"]
[Site "Florianopolis"]
[Date "2020.01.21"]
[Round "3"]
[White "Boabaid, Jorge Alberto Duard"]
[Black "Takano, Nicholas Ryo"]
[Result "1/2-1/2"]
[WhiteElo "1823"]
[BlackElo "2041"]
[PlyCount "90"]
[EventDate "2020.01.20"]
[EventType "swiss"]
[EventRounds "10"]
[EventCountry "BRA"]
[SourceTitle "CBM 194 Extra"]
[Source "ChessBase"]
[SourceDate "2020.03.31"]
[SourceVersion "1"]
[SourceVersionDate "2020.03.31"]
[SourceQuality "1"]

1. d4 Nf6 2. c4 g6 3. Nf3 Bg7 4. g3 0-0 5. Bg2 d6 6. 0-0 Nbd7 7. Nc3 e5 8. e4 c6 9. h3 Qb6 10. c5 dxc5 11. dxe5 Ne8 12. Na4 Qb4 13. Bg5 b5 14. Nc3 Qxb2 15. Rc1 Nc7 16. Rc2 Qa3 17. Nb1 Qa5 18. Be7 Re8 19. Qd6 Qb6 20. Nbd2 c4 21. Rb1 c5 22. Nxc4 Qxd6 23. Bxd6 bxc4 24. Bxc7 Ba6 25. Rc3 Rac8 26. Bd6 Rc6 27. Ra3 Bh6 28. h4 f6 29. Bh3 Bc8 30. Bxd7 Bxd7 31. Rb7 Bc8 32. Rbxa7 fxe5 33. Re7 Rxe7 34. Bxe7 Ra6 35. Bxc5 Rxa3 36. Bxa3 Bb7 37. Bb2 Bxe4 38. Nxe5 Bd5 39. Bc3 Bg7 40. a4 Bxe5 41. Bxe5 Kf7 42. f4 Ke6 43. Kf2 Bc6 44. a5 Kd5 45. Ke3 h5 1/2-1/2

[Event "American Continental 15th"]
[Site "Sao Paulo"]
[Date "2019.07.09"]
[Round "6"]
[White "Lo Kim Lin, Frank"]
[Black "Takano, Nicholas Ryo"]
[Result "0-1"]
[WhiteElo "1823"]
[BlackElo "2077"]
[PlyCount "76"]
[EventDate "2019.07.05"]
[EventType "swiss"]
[EventRounds "11"]
[EventCountry "BRA"]
[SourceTitle "CBM 191 Extra"]
[Source "ChessBase"]
[SourceDate "2019.09.30"]
[SourceVersion "1"]
[SourceVersionDate "2019.09.30"]
[SourceQuality "1"]

1. e4 c5 2. Nf3 g6 3. d4 cxd4 4. Nxd4 Nc6 5. Nc3 Bg7 6. Be3 Nf6 7. f3 0-0 8. Qd2 d5 9. 0-0-0 dxe4 10. fxe4 Ng4 11. Nce2 Nxe3 12. Qxe3 Qb6 13. Rd3 Nxd4 14. Nxd4 e5 15. Nf3 Qxe3+ 16. Rxe3 Bh6 17. Kd2 Rd8+ 18. Ke2 Bxe3 19. Kxe3 f6 20. Bc4+ Kf8 21. Rf1 Ke7 22. Nd2 Be6 23. Bb5 Rac8 24. Bd3 a6 25. a4 Rd4 26. Ra1 a5 27. Nf3 Rdd8 28. Nd2 Rc6 29. Ra3 Rb6 30. Nb3 Ra8 31. Kd2 Rd6 32. Kc1 b6 33. Nd2 Rad8 34. Nb1 g5 35. Kd2 f5 36. Ke3 Rd4 37. h3 fxe4 38. Bxe4 Rxe4+ 0-1

[Event "American Continental 15th"]
[Site "Sao Paulo"]
[Date "2019.07.07"]
[Round "3"]
[White "Takano, Nicholas Ryo"]
[Black "Salinas Herrera, Pablo Patricio"]
[Result "0-1"]
[WhiteElo "2077"]
[BlackElo "2498"]
[PlyCount "100"]
[EventDate "2019.07.05"]
[EventType "swiss"]
[EventRounds "11"]
[EventCountry "BRA"]
[SourceTitle "CBM 191 Extra"]
[Source "ChessBase"]
[SourceDate "2019.09.30"]
[SourceVersion "1"]
[SourceVersionDate "2019.09.30"]
[SourceQuality "1"]

1. e4 c5 2. Nf3 d6 3. d4 cxd4 4. Nxd4 Nf6 5. Nc3 a6 6. Be3 e5 7. Nb3 Be6 8. f3 h5 9. Qd2 Nbd7 10. Be2 Rc8 11. 0-0 Be7 12. Rac1 Nb6 13. Kh1 0-0 14. Rfd1 Qc7 15. a4 Rfd8 16. a5 Nc4 17. Bxc4 Qxc4 18. Bg5 Rd7 19. Qd3 Ng4 20. Qxc4 Rxc4 21. Bxe7 Nf2+ 22. Kg1 Nxd1 23. Rxd1 Rxe7 24. Rxd6 Rd7 25. Rb6 Rcc7 26. Kf2 Bxb3 27. Rxb3 Rd2+ 28. Kg3 Rc6 29. Kh3 Rxc2 30. Nd5 R6c5 31. Rxb7 Rxa5 32. Ne7+ Kf8 33. Nf5 Rb5 34. Ra7 Kg8 35. Ne3 Rcxb2 36. Rxa6 Re2 37. Ra3 Rbb2 38. Kg3 g6 39. h3 Kg7 40. Rc3 Kh6 41. Ra3 h4+ 42. Kh2 Rb1 43. Ng4+ Kg7 44. Rc3 Ree1 45. Nf2 Re2 46. Ng4 Rf1 47. Ne3 Rxf3 48. Nf5+ gxf5 49. Rxf3 f4 50. Kg1 Rxe4 0-1